| 000 | 00635nam a2200193Ia 4500 | ||
|---|---|---|---|
| 008 | 140626s9999 xx 000 0 und d | ||
| 100 | _aThompson, Lauren. | ||
| 245 |
_aDoes organizational climate impact upon burnout in staff who work with people with intellectual disabilities? a systematic review of the literature / _cLauren Thompson ... [et al.]. |
||
| 260 | _cc2011. | ||
| 300 | _a15 : 3, page 177 | ||
| 440 | _aJournal of Intellectual Disabilities | ||
| 521 | _aSPED | ||
| 650 | _aBurnout. | ||
| 650 | _aClimate. | ||
| 650 | _aEnvironment. | ||
| 650 | _aIntellectual disabilities. | ||
| 650 | _aStaff. | ||
| 942 | _cSE | ||
| 999 |
_c120949 _d120949 |
||